000 01050nam a2200241 a 4500
003 BD-DhJNU
005 20260511070813.0
008 260508s2023 bg |||g |||| 000 1|ben|d
020 _a9789844080218
040 _aBD-DhJNU
_bben
_cBD-DhJNU
_dBD-DhJNU
041 _aben
082 _a320.95492 SOB
_223
100 _aছফা, আহমদ
245 1 0 _aবাংলাদেশের রাজনৈতিক জটিলতা /
_cআহমদ ছফা
246 _asomaj kormo dharona ebong totho.
250 _a1st ed.
260 _aঢাকা :
_bখান ব্রাদার্স অ্যান্ড কোম্পানি,
_c2023.
300 _a৫৬ পৃ. :
_bচিত্র ;
_c২২ সেমি.।
504 _aগ্রন্থপঞ্জিগত নির্দেশিকা ও নিঘন্ট অন্তভূক্ত
650 _aবাংলাদেশ -- রাজনীতি ও শাসনব্যবস্থা
650 _aBangladesh -- Politics and government
942 _cBK
999 _c2780
_d2780